| Tag |
First Indicator |
Second Indicator |
Subfields |
| LEADER |
00000cam a2200000 a 4500 |
| 001 |
in00000007757 |
| 005 |
20151002060029.0 |
| 008 |
861208s1987 ctua 00010 eng |
| 010 |
|
|
|a 86032463
|
| 020 |
|
|
|a 0819521485 (alk. paper) :
|c $18.00
|
| 020 |
|
|
|a 0819511498 (pbk. : alk. paper) :
|c $8.95
|
| 035 |
|
|
|a (OCoLC)15017864
|
| 035 |
|
|
|9 AAA0087AM
|
| 040 |
|
|
|a DLC
|c DLC
|d TXA
|d UtOrBLW
|
| 050 |
0 |
0 |
|a PS3563.A2925
|b B6 1987
|
| 100 |
1 |
|
|a McElroy, Colleen J.
|
| 245 |
1 |
0 |
|a Bone flames :
|b poems /
|c by Colleen J. McElroy.
|
| 250 |
|
|
|a 1st ed.
|
| 264 |
|
1 |
|a Middletown, Conn. :
|b Wesleyan University Press ;
|c [1987]
|
| 264 |
|
2 |
|a Scranton, Pa. :
|b Distributed by Harper & Row,
|
| 264 |
|
4 |
|c ©1987
|
| 300 |
|
|
|a viii, 71 pages :
|b illustrations ;
|c 25 cm.
|
| 336 |
|
|
|a text
|b txt
|2 rdacontent
|
| 337 |
|
|
|a unmediated
|b n
|2 rdamedia
|
| 338 |
|
|
|a volume
|b nc
|2 rdacarrier
|
| 490 |
1 |
|
|a Wesleyan poetry
|
| 830 |
|
0 |
|a Wesleyan poetry.
|
| 999 |
|
|
|a MARS
|
| 999 |
f |
f |
|s 383b3ccb-a773-370a-8201-89a8cba62b64
|i 278cec27-5246-355d-b8c2-0ea026269788
|t 0
|
| 952 |
f |
f |
|p ric
|a Texas A&M University
|b Rellis Campus
|c Joint Library Facility
|d Remote Storage
|t 0
|e PS3563.A2925 B6 1987
|h Library of Congress classification
|i unmediated -- volume
|m A14812603578
|
| 998 |
f |
f |
|a PS3563.A2925 B6 1987
|t 0
|l Remote Storage
|